[Event "SW Autumn Premier"]
[Site "Newport"]
[Date "2019.11.17"]
[Round "4.2"]
[White "Postans, Harrison"]
[Black "Jones, Martin C"]
[Result "1/2-1/2"]
[WhiteElo "1026"]
[BlackElo "1768"]
[PlyCount "68"]
[EventDate "2019.11.15"]
[EventType "swiss"]
[EventRounds "5"]
[EventCountry "WLS"]

1. e4 c5 2. Nf3 e6 3. d4 cxd4 4. Nxd4 a6 5. Nc3 Qc7 6. Be3 Nf6 7. f3 b5 8. Qd2
Bb7 9. Nde2 Nc6 10. a3 Be7 11. Ng3 d6 12. Bd3 O-O 13. Nce2 Ne5 14. O-O Rac8 15.
Rac1 Rfd8 16. h3 Nc4 17. Bxc4 Qxc4 18. Bb6 Rd7 19. Nd4 Bd8 20. Bxd8 Rdxd8 21.
Kh1 h6 22. Nge2 Qc7 23. Qe3 Nd7 24. c3 Ne5 25. Ng3 Qc4 26. Rfd1 Qa2 27. Qe2 d5
28. exd5 Rxd5 29. Rc2 Nc6 30. Kh2 Nxd4 31. Rxd4 Rxd4 32. cxd4 Rxc2 33. Qxc2 Qd5
34. Qe4 f5 1/2-1/2

[Event "SW Autumn Premier"]
[Site "Newport"]
[Date "2019.11.17"]
[Round "4.4"]
[White "Quinn, Peter"]
[Black "Probert, Malcolm"]
[Result "1/2-1/2"]
[WhiteElo "1595"]
[BlackElo "1587"]
[PlyCount "57"]
[EventDate "2019.11.15"]
[EventType "swiss"]
[EventRounds "5"]
[EventCountry "WLS"]

1. e4 e6 2. d3 c5 3. Qe2 Nc6 4. c3 g6 5. g3 Bg7 6. Bg2 Nge7 7. Be3 b6 8. f4 O-O
9. Nf3 d5 10. Bf2 Ba6 11. e5 Rc8 12. Nbd2 c4 13. d4 b5 14. a3 Qa5 15. O-O Qb6
16. Rfe1 Bb7 17. g4 a5 18. Be3 b4 19. Nxc4 dxc4 20. d5 Qb5 21. dxc6 Bxc6 22.
Nd4 Qb7 23. Nxc6 Nxc6 24. axb4 axb4 25. Qxc4 Nxe5 26. Bxb7 Rxc4 27. fxe5 bxc3
28. bxc3 Bxe5 29. Bd4 1/2-1/2

[Event "SW Autumn Premier"]
[Site "Newport"]
[Date "2019.11.17"]
[Round "4.5"]
[White "Horrell, Stephen"]
[Black "Parri, Deio"]
[Result "1-0"]
[WhiteElo "1575"]
[BlackElo "1651"]
[PlyCount "57"]
[EventDate "2019.11.15"]
[EventType "swiss"]
[EventRounds "5"]
[EventCountry "WLS"]

1. e4 e6 2. d4 d5 3. e5 c5 4. c3 Nc6 5. Nf3 cxd4 6. cxd4 Qb6 7. Be2 Nge7 8. Na3
Ng6 9. Nc2 Be7 10. O-O O-O 11. Bd3 Bd7 12. h4 f5 13. Rb1 Nxh4 14. Nxh4 Bxh4 15.
g3 Be7 16. Qh5 Nxd4 17. Be3 Be8 18. Qd1 Qd8 19. Nxd4 Bf7 20. Be2 Kh8 21. Kg2
Bg8 22. Rc1 g5 23. f4 g4 24. Qb3 Qe8 25. Rh1 Qf7 26. Rh6 Rfc8 27. Rch1 Bc5 28.
Nxe6 Bxe3 29. Qxe3 1-0

[Event "SW Autumn Premier"]
[Site "Newport"]
[Date "2019.11.17"]
[Round "4.6"]
[White "Fox, Chris"]
[Black "Headlong, Georgia"]
[Result "1-0"]
[WhiteElo "1675"]
[BlackElo "1497"]
[PlyCount "59"]
[EventDate "2019.11.15"]
[EventType "swiss"]
[EventRounds "5"]
[EventCountry "WLS"]

1. d4 Nf6 2. Nf3 b6 3. c4 e6 4. g3 Bb7 5. Bg2 Be7 6. O-O O-O 7. Nc3 c5 8. dxc5
bxc5 9. e3 Nc6 10. b3 d5 11. cxd5 exd5 12. Bb2 Ba6 13. Re1 Nb4 14. Ne5 Qd6 15.
f4 Rad8 16. a3 Nc6 17. Nxc6 Qxc6 18. Rc1 Rd6 19. Na4 Ne4 20. Qc2 Rdd8 21. Bxe4
dxe4 22. Nxc5 Rc8 23. b4 Bd3 24. Qb3 Qg6 25. Nd7 Rfd8 26. Ne5 Rxc1 27. Rxc1 Qh5
28. g4 Qh4 29. Qxf7+ Kh8 30. Ng6+ 1-0

[Event "SW Autumn Premier"]
[Site "Newport"]
[Date "2019.11.17"]
[Round "4.7"]
[White "Szakmany, Bence"]
[Black "Jansen Van Rensburg, Leon"]
[Result "1-0"]
[WhiteElo "1356"]
[BlackElo "1538"]
[PlyCount "105"]
[EventDate "2019.11.15"]
[EventType "swiss"]
[EventRounds "5"]
[EventCountry "WLS"]

1. e4 d6 2. d4 Nf6 3. Nc3 g6 4. f4 Bg7 5. Nf3 c5 6. Be2 cxd4 7. Nxd4 O-O 8. O-O
a6 9. Be3 Nbd7 10. Bf3 e5 11. Nb3 exf4 12. Bxf4 Ne5 13. Be2 Qb6+ 14. Kh1 Bg4
15. Bxe5 Bxe2 16. Qxe2 dxe5 17. Rad1 Rad8 18. a4 h5 19. h3 h4 20. a5 Qc6 21.
Kg1 Nh5 22. Rxd8 Rxd8 23. Rd1 Rf8 24. Qf2 Ng3 25. Qb6 Rc8 26. Rd8+ Rxd8 27.
Qxd8+ Kh7 28. Qxh4+ Nh5 29. Qf2 Nf4 30. Kf1 Qc4+ 31. Kg1 Bf8 32. Qf1 Qe6 33.
Ne2 Bh6 34. Nxf4 Bxf4 35. Qd3 Qc6 36. Kf1 Qf6 37. Kg1 Qh4 38. Qc3 Qg5 39. Qf3
Kg7 40. Qg4 Qxg4 41. hxg4 Bc1 42. Nxc1 Kf6 43. Kf2 Kg5 44. Kf3 Kf6 45. Nd3 Ke6
46. Nc5+ Kd6 47. Nxb7+ Kc7 (47... Ke6 48. Nc5+ Kf6 49. Nxa6 Ke6 50. Nc7+) 48.
Nc5 Kc6 49. Nxa6 Kb5 50. Nc7+ Kxa5 51. Nd5 Kb5 52. g5 Kc6 53. Ke3 1-0

[Event "SW Autumn Premier"]
[Site "Newport"]
[Date "2019.11.17"]
[Round "4.8"]
[White "Williams, David J"]
[Black "Wang, Andy"]
[Result "1-0"]
[WhiteElo "1522"]
[BlackElo "1428"]
[PlyCount "45"]
[EventDate "2019.11.15"]
[EventType "swiss"]
[EventRounds "5"]
[EventCountry "WLS"]

1. e4 e5 2. Nf3 Nc6 3. Bc4 Bc5 4. d3 Nf6 5. a4 d6 6. h3 O-O 7. c3 Re8 8. O-O d5
9. exd5 Nxd5 10. Nbd2 Bf5 11. Ne4 Bb6 12. Qc2 Bg6 13. Bd2 f5 14. Qb3 Bf7 15.
Neg5 Na5 16. Qa2 Nxc4 17. dxc4 Nf6 18. Nxf7 Kxf7 19. c5+ Kf8 20. cxb6 e4 21.
bxc7 Qd7 22. Nd4 Rac8 23. Rad1 1-0

[Event "SW Autumn Premier"]
[Site "Newport"]
[Date "2019.11.17"]
[Round "4.9"]
[White "Hammett, Scott"]
[Black "Wu, Yuxuan"]
[Result "0-1"]
[WhiteElo "1610"]
[BlackElo "1312"]
[PlyCount "109"]
[EventDate "2019.11.15"]
[EventType "swiss"]
[EventRounds "5"]
[EventCountry "WLS"]

1. d4 Nf6 2. Nc3 g6 3. e4 d6 4. Nf3 Bg7 5. Be3 O-O 6. Bc4 Nbd7 7. Qd2 e6 8.
O-O-O a6 9. h4 b5 10. Be2 h5 11. Bg5 Qe8 12. Rhe1 Ng4 13. Bd3 Bb7 14. d5 Nc5
15. Be3 Nxd3+ 16. Qxd3 b4 17. Ne2 Qa4 18. Qb3 Qxb3 19. cxb3 exd5 20. exd5 Rfe8
21. Bd4 Bxd4 22. Rxd4 Nxf2 23. Nf4 Rxe1+ 24. Nxe1 a5 25. Rc4 Rc8 26. Kd2 Ng4
27. Nf3 (27. Ned3 Ne5 28. Rc1 Nf3+) 27... Ne5 28. Rc1 Nxf3+ 29. gxf3 c6 30.
dxc6 Rxc6 31. Rg1 Rc5 32. Rg3 Rf5 33. Nxg6 Rd5+ 34. Ke3 fxg6 35. Rxg6+ Kf7 36.
Rh6 Kg7 37. Re6 Re5+ 38. Rxe5 dxe5 39. a3 Bd5 40. axb4 axb4 41. f4 exf4+ 42.
Kxf4 Kg6 43. Ke5 Bxb3 44. Kf4 Bd1 45. Ke5 b3 46. Kf4 Kf6 47. Ke4 Ke6 48. Kf4
Kd5 49. Ke3 Ke5 50. Kd2 Bc2 51. Ke3 Kf5 52. Kf3 Bd1+ 53. Kg3 Ke4 54. Kg2 Kf4
55. Kh3 0-1

[Event "SW Autumn Premier"]
[Site "Newport"]
[Date "2019.11.17"]
[Round "4.10"]
[White "Emblem, Mark"]
[Black "Williams, Ron"]
[Result "0-1"]
[WhiteElo "1442"]
[BlackElo "1630"]
[PlyCount "46"]
[EventDate "2019.11.15"]
[EventType "swiss"]
[EventRounds "5"]
[EventCountry "WLS"]

1. d4 e6 2. Bf4 c5 3. e3 d5 4. Nc3 a6 5. a4 Nc6 6. Nf3 Nf6 7. h3 Bd6 8. Bxd6
Qxd6 9. Be2 b6 10. O-O O-O 11. Na2 Bb7 12. c3 Ne4 13. Bd3 f5 14. Bxe4 fxe4 15.
dxc5 bxc5 16. Nd2 Qe7 17. f4 exf3 18. Rxf3 Qg5 19. Nf1 Ne5 20. Rf2 Rxf2 21.
Kxf2 Rf8+ 22. Ke2 Qxg2+ 23. Ke1 Qf2# 0-1

[Event "SW Autumn Premier"]
[Site "Newport"]
[Date "2019.11.17"]
[Round "5.1"]
[White "Horrell, Stephen"]
[Black "Pinch, David"]
[Result "1/2-1/2"]
[WhiteElo "1575"]
[BlackElo "1646"]
[PlyCount "31"]
[EventDate "2019.11.15"]
[EventType "swiss"]
[EventRounds "5"]
[EventCountry "WLS"]

1. e4 {The last game of the tournament. Black needs only a draw to win the
tournament outright. But white can win the tournament with a win in this game.}
e5 2. Nf3 Nf6 {Petrov - always good for a draw.} 3. d4 {The Scotch Petrov.}
Nxe4 {The main line} 4. Nxe5 {[Stats Nxe5 white 36.7% drawn 33.9% black 29.4%;
most popular Bd3 41.8%] Bd3 is overwhelmingly to main line. black's main
response is d5. Second most popular is exe5.} d5 5. Qf3 {[Stats Qf3 drawn 50%
black 50%; most popular Bd3 43.7%] Not the ideal move to win the game. That
would have been Bd3 on move 4.} Be6 6. Nd2 Nxd2 {Black is looking for swaps.
This one doesnt develop the bishop because white will not want his bishop on
d2.} 7. Bxd2 Nd7 8. Nxd7 {Keeping pieces on would be preferable, so Bf4 will
dothat although the assessment stays the same.} Qxd7 9. Qb3 {[Houdini B0.12
best Bd3 W0.16] There is a slight pull for black.} c6 10. Bb4 {The idea is to
delay black castling, although the effect is more swaps.} Bxb4+ 11. Qxb4 Qe7 {
The threat of a discovery check forces white to swap queens.} 12. Qxe7+ Kxe7 {
Draw?. Why not? White looks to have been playing for a draw, yet he declines
black's offer. Perhaps he thinks he is a better endgame player.} 13. Bd3 {That
is the only good diagonal so black must challenge it.} Rae8 {But first try to
take the only open file.} 14. O-O-O Kf6 {In the context of the aims of these
players this is the right thing to do.} 15. h3 Bf5 16. Bxf5 {Now white offers
the draw. Having only one open file all rooks will shortly be swapped off,
leaving an equal king and pawn ending, with symetrical pawns. There is little
white can do to win with black determined to acquire the draw.} 1/2-1/2

[Event "SW Autumn Premier"]
[Site "Newport"]
[Date "2019.11.17"]
[Round "5.2"]
[White "Jones, Martin C"]
[Black "Szakmany, Bence"]
[Result "1-0"]
[WhiteElo "1768"]
[BlackElo "1356"]
[PlyCount "51"]
[EventDate "2019.11.15"]
[EventType "swiss"]
[EventRounds "5"]
[EventCountry "WLS"]

1. d4 Nf6 2. c4 e6 3. Nc3 Bb4 4. Qc2 d5 5. a3 Bxc3+ 6. Qxc3 O-O 7. Bg5 Nc6 8.
Nf3 h6 9. Bxf6 Qxf6 10. cxd5 exd5 11. e3 a6 12. Rc1 Re8 13. Be2 Re7 14. O-O Nd8
15. Ne5 Qe6 16. Rfe1 f5 17. Bh5 c6 18. Qb4 g5 19. g4 fxg4 20. Bxg4 Qf6 21. Bh5
Rg7 22. Kh1 g4 23. Rg1 Qh4 24. Bxg4 Bxg4 25. Rxg4 Rxg4 26. Nxg4 1-0

[Event "SW Autumn Premier"]
[Site "Newport"]
[Date "2019.11.17"]
[Round "5.3"]
[White "Probert, Malcolm"]
[Black "Fox, Chris"]
[Result "1/2-1/2"]
[WhiteElo "1587"]
[BlackElo "1675"]
[PlyCount "70"]
[EventDate "2019.11.15"]
[EventType "swiss"]
[EventRounds "5"]
[EventCountry "WLS"]

1. Nf3 f5 2. d4 Nf6 3. g3 d6 4. Bg2 g6 5. O-O Bg7 6. b3 O-O 7. Bb2 c6 8. c4 Qc7
9. Nc3 Nbd7 10. Ng5 Nb6 11. d5 c5 12. e4 h6 13. Nh3 Nxe4 14. Qc2 Nxc3 15. Bxc3
e5 16. dxe6 Bxe6 17. Nf4 Bf7 18. Bxg7 Kxg7 19. Rad1 Rad8 20. Rd2 Rfe8 21. Rfd1
Nc8 22. Qc3+ Kh7 23. Bd5 Bxd5 24. Nxd5 Qg7 25. Qxg7+ Kxg7 26. Nc7 Re7 27. Nb5
Red7 28. Nc3 Kf7 29. Nd5 Ne7 30. Nf4 g5 31. Nd3 Ke8 32. Re1 Kf8 33. Red1 b6 34.
Ne5 Rc7 35. Rxd6 Rxd6 1/2-1/2

[Event "SW Autumn Premier"]
[Site "Newport"]
[Date "2019.11.17"]
[Round "5.4"]
[White "Chung, Ethan Cheung Jing"]
[Black "Postans, Harrison"]
[Result "0-1"]
[WhiteElo "1652"]
[BlackElo "1026"]
[PlyCount "56"]
[EventDate "2019.11.15"]
[EventType "swiss"]
[EventRounds "5"]
[EventCountry "WLS"]

1. Nf3 d5 2. g3 Nf6 3. d3 Bg4 4. Bg2 e6 5. O-O Be7 6. Bf4 Nbd7 7. Nc3 c6 8. h3
Bxf3 9. Bxf3 e5 10. Bg5 h6 11. Bxf6 Nxf6 12. e4 d4 13. Ne2 Qd7 14. Bg2 O-O-O
15. Qd2 b6 16. b4 g5 17. a4 h5 18. b5 cxb5 19. axb5 h4 20. c3 g4 21. hxg4 Nxg4
22. Bh3 hxg3 23. Bxg4 Qxg4 24. fxg3 dxc3 25. Qxc3+ Bc5+ 26. d4 Qxe2 27. Rf2
Qxe4 28. Rf3 Qxd4+ 0-1

[Event "SW Autumn Premier"]
[Site "Newport"]
[Date "2019.11.17"]
[Round "5.5"]
[White "Blackmore, Simon"]
[Black "Williams, David J"]
[Result "1/2-1/2"]
[WhiteElo "1604"]
[BlackElo "1522"]
[PlyCount "75"]
[EventDate "2019.11.15"]
[EventType "swiss"]
[EventRounds "5"]
[EventCountry "WLS"]

1. d4 Nf6 2. Nf3 b6 3. Bg5 e6 4. c3 Be7 5. Bxf6 Bxf6 6. e3 Bb7 7. Nbd2 O-O 8.
Bd3 d6 9. Ne4 Nd7 10. h4 e5 11. g4 exd4 12. cxd4 Qe7 13. Qc2 c5 14. g5 Bxd4 15.
exd4 d5 16. Kd2 dxe4 17. Rhe1 cxd4 18. Bxe4 Qb4+ 19. Kd1 Bxe4 20. Rxe4 Qb5 21.
Nxd4 Qf1+ 22. Re1 Qa6 23. Nc6 Kh8 24. Qe4 Nc5 25. Nb4 Qa4+ 26. b3 Nxb3 27. Qc2
Qxb4 28. axb3 Rad8+ 29. Ke2 Qxh4 30. Rh1 Qg4+ 31. Kf1 g6 32. Qc3+ Kg8 33. Qf6
Rd2 34. Re1 Rfd8 35. Rxh7 Kxh7 36. Qxf7+ Kh8 37. Qf6+ Kg8 38. Qxg6+ 1/2-1/2

[Event "SW Autumn Premier"]
[Site "Newport"]
[Date "2019.11.17"]
[Round "5.6"]
[White "Davies, Milo"]
[Black "Quinn, Peter"]
[Result "0-1"]
[WhiteElo "1207"]
[BlackElo "1595"]
[PlyCount "56"]
[EventDate "2019.11.15"]
[EventType "swiss"]
[EventRounds "5"]
[EventCountry "WLS"]

1. e4 Nf6 2. e5 Nd5 3. d4 d6 4. f4 dxe5 5. fxe5 g6 6. Nf3 Bg7 7. c4 Nb6 8. Nc3
Nc6 9. Bf4 Bg4 10. Nb5 a6 11. c5 Nd5 12. Nc3 Nxf4 13. g3 Nd5 14. Be2 O-O 15. h3
Ne3 16. Qd3 Bxf3 17. Bxf3 Qxd4 18. Qxd4 Nxd4 19. Kf2 Nxf3 20. Kxf3 Nc4 21. Nd5
Nxe5+ 22. Kf4 e6 23. Nb4 a5 24. Nc2 Nd3+ 25. Ke3 Nxc5 26. Nd4 Rfd8 27. Rhd1 Rd7
28. Rac1 Bh6+ 0-1

[Event "SW Autumn Premier"]
[Site "Newport"]
[Date "2019.11.17"]
[Round "5.8"]
[White "Williams, Ron"]
[Black "Wu, Yuxuan"]
[Result "1/2-1/2"]
[WhiteElo "1630"]
[BlackElo "1312"]
[PlyCount "56"]
[EventDate "2019.11.15"]
[EventType "swiss"]
[EventRounds "5"]
[EventCountry "WLS"]

1. d4 Nf6 2. Bf4 g6 3. Nc3 Bg7 4. e4 d6 5. Qd2 O-O 6. O-O-O Nbd7 7. Nf3 c6 8.
Bh6 Ng4 9. Bxg7 Kxg7 10. h3 Ngf6 11. e5 Ne8 12. h4 h5 13. Ng5 Nb6 14. Bd3 d5
15. Qe3 Nc7 16. f3 Ne6 17. g4 Rh8 18. Rdg1 Nc4 19. Bxc4 dxc4 20. Nxe6+ Bxe6 21.
g5 a5 22. Rh2 a4 23. a3 Qc7 24. Na2 Rhd8 25. c3 b6 26. Rd2 c5 27. Rgd1 cxd4 28.
Rxd4 Rxd4 1/2-1/2

[Event "SW Autumn Premier"]
[Site "Newport"]
[Date "2019.11.17"]
[Round "5.9"]
[White "Parri, Deio"]
[Black "Jansen Van Rensburg, Leon"]
[Result "1-0"]
[WhiteElo "1651"]
[BlackElo "1538"]
[PlyCount "97"]
[EventDate "2019.11.15"]
[EventType "swiss"]
[EventRounds "5"]
[EventCountry "WLS"]

1. d4 d5 2. c4 c6 3. Nc3 Nf6 4. Nf3 e6 5. e3 Nbd7 6. Bd3 g6 7. O-O Bg7 8. Qc2
O-O 9. b3 Re8 10. Bb2 Qc7 11. Rac1 e5 12. dxe5 Nxe5 13. Nxe5 Rxe5 14. Nxd5 cxd5
15. Bxe5 Qxe5 16. cxd5 Qg5 17. f4 Qxd5 18. Bc4 Bf5 19. Bxd5 Bxc2 20. Bxf7+ Kxf7
21. Rxc2 Nd5 22. Rd1 Nxe3 23. Rc7+ Kf6 24. Rd6+ Kf5 25. Rxg7 Re8 26. Rdd7 Ng4
27. Rge7 Rc8 28. Rc7 Rd8 29. Rf7+ Ke6 30. Rce7+ Kd6 31. Rxh7 Kc6 32. Rc7+ Kb5
33. Rxb7+ Ka5 34. Rxa7+ Kb4 35. Rhb7+ Kc3 36. Rc7+ Kb2 37. Rd7 Re8 38. Rd1 Kc2
39. Rad7 Re2 40. R7d3 Ne3 41. Rxe3 Rxe3 42. Rf1 Kb2 43. Rf2+ Ka3 44. g3 Rc3 45.
Kg2 Rc6 46. g4 Rf6 47. h3 Kb4 48. f5 g5 49. Kg3 1-0

[Event "SW Autumn Premier"]
[Site "Newport"]
[Date "2019.11.17"]
[Round "5.10"]
[White "Headlong, Georgia"]
[Black "Hammett, Scott"]
[Result "1-0"]
[WhiteElo "1497"]
[BlackElo "1610"]
[PlyCount "103"]
[EventDate "2019.11.15"]
[EventType "swiss"]
[EventRounds "5"]
[EventCountry "WLS"]

1. e4 b6 2. d4 Bb7 3. Nc3 e6 4. Be3 Bb4 5. f3 d6 6. Nge2 Ne7 7. a3 Bxc3+ 8.
Nxc3 O-O 9. Bc4 Nd7 10. O-O d5 11. Ba2 Nf6 12. e5 Ne8 13. Ne2 Ba6 14. Re1 Rc8
15. b4 Bxe2 16. Qxe2 Nf5 17. Bf2 Qd7 18. c3 b5 19. Bb1 Ne7 20. Bd3 a6 21. a4 c6
22. axb5 axb5 23. Ra3 Nc7 24. Rea1 Ra8 25. Ra7 Rxa7 26. Rxa7 Ra8 27. Qa2 Rxa7
28. Qxa7 Nc8 29. Qb7 Ne7 30. Bh4 Qc8 31. Qb6 Na8 32. Qa7 Ng6 33. Bxg6 hxg6 34.
Be7 Nc7 35. Bd6 Ne8 36. Qe7 f6 37. Qf8+ Kh7 38. exf6 gxf6 39. Be7 Qd7 40. Qf7+
Ng7 41. Qxf6 Nf5 42. Bf8 Ng7 43. Bxg7 Qxg7 44. Qxg7+ Kxg7 45. g4 Kf6 46. h4 e5
47. Kf2 Ke6 48. dxe5 Kxe5 49. Ke3 d4+ 50. cxd4+ Kd5 51. h5 gxh5 52. gxh5 1-0

[Event "SW Autumn Premier"]
[Site "Newport"]
[Date "2019.11.17"]
[Round "5.11"]
[White "Wang, Andy"]
[Black "Davies, Rhys"]
[Result "1-0"]
[WhiteElo "1428"]
[BlackElo "1034"]
[PlyCount "85"]
[EventDate "2019.11.15"]
[EventType "swiss"]
[EventRounds "5"]
[EventCountry "WLS"]

1. d4 d5 2. Bf4 Nc6 3. Nf3 Nf6 4. e3 e6 5. c4 Bb4+ 6. Nbd2 O-O 7. a3 Bd6 8. Bg3
Re8 9. c5 Be7 10. Bb5 a6 11. Bxc6 bxc6 12. Ne5 Ne4 13. Nxe4 dxe4 14. Nxc6 Qd5
15. Nb4 Qc4 16. Bxc7 Bb7 17. Rc1 Qb5 18. Qc2 Bc6 19. Bb6 a5 20. Nxc6 Qxc6 21.
O-O Rec8 22. b4 axb4 23. axb4 f5 24. Ra1 Qb5 25. Qb3 Kf7 26. Ba5 Bf6 27. Rab1
f4 28. d5 f3 29. d6 g5 30. Rfd1 g4 31. Qc2 fxg2 32. Qxe4 Qe2 33. Qxg2 h5 34. c6
h4 35. Re1 Qb5 36. Rec1 h3 37. Qe4 Rg8 38. c7 Qd7 39. Qc6 Qxc6 40. Rxc6 Ra7 41.
c8=Q Rxc8 42. Rxc8 Rd7 43. Rc7 1-0